1217 1122 1161 1283 1603 1203 1460 1356 1057 1820 1929 1662 1514 1192 1676 1817 1542 1319 1885 1784 1629 1559 1276 1614 1126 1469 1520 1112 1747 1805 1147 1315 1561 1392 1237 1934 1163 1956 1407 1773 1002 1589 1373 1555 1005 1543 1982 1843 1494 1989 1411 1597 1414 1014 1121 1354 1030 1646 1644 1524 1561 1803 1926 1085 1881 1150 1995 1868 1300 1229 1670 1546 1527 1103 1392 1822 1695 1495 1270 1039 1653 1444 1938 1056 1193 1660 1871 1562 1396 1570 1293 1741 1015 1609 1816 1438 1839 1117 1192 BCNSPRNW ULIB Ver.6.0+V

เปลี่ยนเป็นภาษาไทย

Change to English
 แสดงรายละเอียดบรรณานุกรม
  กลับหน้าหลัก

Brief Record : Get Marc (ISO 2709) : E-mail record : QR code < ปิดหน้าต่าง
LEADER : 00000nas 2200000uu 4500
001    13399114001
003     ULIB
008    020711s|||| th a 000 0 tha d
022    ^a1513265X
110    ^aโรงพยาบาลยโสธร
245    ^aยโสธรเวชสาร
260    ^aยโสธร :^bโรงพยาบาลยโสธร,^cม.ป.ป.
310    ^aรายสี่เดือน
850    ^aฉบับที่ 2 ปีที่ 13;ฉบับที่ 2 ปีที่ 13 ฉ.2;ฉบับที่ 2 ปีที่ 13 ฉ.3;ฉบับที่ 3 ปีที่ 13;ฉบับที่ 3 ปีที่ 13 ฉ.2;ฉบับที่ 3 ปีที่ 13 ฉ.3;ฉบับที่ 1 ปีที่ 14;ฉบับที่ 1 ปีที่ 14 ฉ.2
945    ^p0^l0^i900112
945    ^p0^l0^i900113
945    ^p0^l0^i900114
945    ^p0^l0^i900350
945    ^p0^l0^i900351
945    ^p0^l0^i900352
945    ^p0^l0^i901005
945    ^p0^l0^i901006
รายการนี้ยังไม่มีแท็ก
คุณยังไม่ได้ล็อกอิน คุณสามารถมีกิจกรรมร่วมกับเว็บไซต์ได้ แต่ต้องล็อกอินก่อน ::
  ล็อกอิน

รายการสื่อสารสนเทศ (วารสาร)

ดูแบบ: กล่อง รายการ
ARRIVED
ฉบับที่ 2 ปีที่ 13
สถานที่: ห้องสมุดวิทยาเขตสวรรค์ประชารักษ์ >วารสาร
ARRIVED
ฉบับที่ 3 ปีที่ 13
สถานที่: ห้องสมุดวิทยาเขตสวรรค์ประชารักษ์ >วารสาร
ARRIVED
ฉบับที่ 1 ปีที่ 14
สถานที่: ห้องสมุดวิทยาเขตสวรรค์ประชารักษ์ >วารสาร
รายการใกล้เคียง
    ผู้แต่ง []

BibComment


ยังไม่เคยถูกคอมเมนท์

คอมเมนท์ทรัพยากรรายการนี้
  คอมเมนท์: ยโสธรเวชสาร


 Copyright 2026. Bcnsprnw @Library